100 Dessins animés des années 2000-2010 [Maître-Extreme] - Statistiques

Statistiques générales
  • Ce quiz a été pris 187 fois
  • Le résultat moyen est 5 sur 100
Statistiques - réponses
Par images Réponse % Correct
Sonic X
81%
Chaplin & Co
58%
La Météo de Gulli/Tiji
47%
Angela Anaconda
39%
Albert le cinquième mousquetaire
37%
Geronimo Stilton
32%
La Vie de Rosie
30%
Rosie
30%
Michat-Michien
15%
Samouraï Jack
13%
Chloé Magique
11%
Franky Snow
11%
Max Steel
10%
Dans les Alpes avec Annette
9%
Dinosaur King
9%
The Cleveland Show
9%
Les Animaux du Bois de Quat'sous
8%
La cuisine est un jeu d'enfants
7%
La fée Coquillette
6%
Allô la Terre, ici les Martin
4%
Robot Chicken
4%
6teen
3%
En selle chevaliers
3%
Les Babalous
3%
Les petits Amis
3%
Ned et son triton
3%
Shaolin Wuzang
3%
Stargate Infinity
3%
Dave le barbare
2%
Diego et Ziggy
2%
Excel Saga
2%
Gowap
2%
Ivanhoë : Chevalier du Roi
2%
Mama Mirabelle
2%
Medabots
2%
Moi Willy, fils de rock star
2%
Sacré Andy
2%
Sky Dancers
2%
Tickety Toc
2%
air academy
1%
Animalia
1%
Argaï, la Prophétie
1%
Chris Colorado
1%
Cinétrouille
1%
Cubix
1%
Dragon Flyz
1%
Fred des Cavernes
1%
Gloria et les autres
1%
Highlander
1%
Inami
1%
Invizimals
1%
Jean-Luc & Faipassa
1%
Jet Groove
1%
Jojo Circus
1%
Justin Rêve
1%
La Dernière Réserve
1%
Lapitch, le petit cordonnier
1%
Le Jardin Enchanté
1%
Le Projet Zeta
1%
Les Chumballs
1%
Les Jules, chienne de vie...
1%
L'Île à Lili
1%
L'Île de la tortue
1%
Mamemo
1%
Mica
1%
Michel Strogoff
1%
miniman
1%
Shtoing circus
1%
Amis City
0%
Animaux Rigolos
0%
Bamboubabulle
0%
Blanche
0%
Bruno et les Bananamis
0%
Gift
0%
Inuk
0%
Jibber Jabber
0%
Kid Clones
0%
Kid vs Kat
0%
Le Jardin de Terraléa
0%
Le Monde de Todd
0%
Les Canopus
0%
Les Enfants de Toromiro
0%
Les Hydronautes
0%
Les Podcats
0%
Little Robots
0%
Matt et les Monstres
0%
Meg et Mog
0%
milly magique
0%
Paz le pingouin
0%
Pigeon Boy
0%
Piggly et ses amis
0%
RoboBlatte
0%
Scan2Go
0%
Stellina
0%
Thalia et Daiman au Royaume des Elfes
0%
Wilf, le chien sorcier
0%
Wombat City
0%
XCalibur
0%
Zentrix
0%
Zombie Hôtel
0%
Aucun quiz correspondant
Distribution des résultats
% des personnes avec chaque résultat
Percentile par nombre de réponses
Votre historique - résultats
Vous n’avez pas pris ce quiz